<?xml version="1.0" encoding="UTF-8"?>
<record
    xmlns:xsi="http://www.w3.org/2001/XMLSchema-instance"
    xsi:schemaLocation="http://www.loc.gov/MARC21/slim http://www.loc.gov/standards/marcxml/schema/MARC21slim.xsd"
    xmlns="http://www.loc.gov/MARC21/slim">

  <leader>00343nam a22001337a 4500</leader>
  <controlfield tag="003">OSt</controlfield>
  <controlfield tag="005">20260116181502.0</controlfield>
  <datafield tag="020" ind1=" " ind2=" ">
    <subfield code="a">9789937755788</subfield>
  </datafield>
  <datafield tag="040" ind1=" " ind2=" ">
    <subfield code="c">Dreamland Publication</subfield>
  </datafield>
  <datafield tag="082" ind1=" " ind2=" ">
    <subfield code="a">570</subfield>
  </datafield>
  <datafield tag="245" ind1=" " ind2=" ">
    <subfield code="a">Pioneer Basic Biology</subfield>
    <subfield code="b">:Grade XI</subfield>
    <subfield code="c">by Gurung, Tek Raj/ Ghimire, Tirth Raj</subfield>
  </datafield>
  <datafield tag="260" ind1=" " ind2=" ">
    <subfield code="b">Dreamland Publication</subfield>
  </datafield>
  <datafield tag="942" ind1=" " ind2=" ">
    <subfield code="2">ddc</subfield>
    <subfield code="c">BOOKS</subfield>
    <subfield code="0">1</subfield>
  </datafield>
  <datafield tag="999" ind1=" " ind2=" ">
    <subfield code="c">3532</subfield>
    <subfield code="d">3532</subfield>
  </datafield>
  <datafield tag="952" ind1=" " ind2=" ">
    <subfield code="0">0</subfield>
    <subfield code="1">0</subfield>
    <subfield code="2">ddc</subfield>
    <subfield code="4">0</subfield>
    <subfield code="7">0</subfield>
    <subfield code="a">1</subfield>
    <subfield code="b">1</subfield>
    <subfield code="d">2025-07-27</subfield>
    <subfield code="i">18689</subfield>
    <subfield code="l">0</subfield>
    <subfield code="o">570 Gur 2025</subfield>
    <subfield code="p">18689</subfield>
    <subfield code="r">2025-07-27 12:24:16</subfield>
    <subfield code="v">650.40</subfield>
    <subfield code="w">2025-07-27</subfield>
    <subfield code="y">BOOKS</subfield>
  </datafield>
  <datafield tag="952" ind1=" " ind2=" ">
    <subfield code="0">0</subfield>
    <subfield code="1">0</subfield>
    <subfield code="2">ddc</subfield>
    <subfield code="4">0</subfield>
    <subfield code="7">0</subfield>
    <subfield code="a">1</subfield>
    <subfield code="b">1</subfield>
    <subfield code="d">2025-07-27</subfield>
    <subfield code="i">18690</subfield>
    <subfield code="l">0</subfield>
    <subfield code="o">570 Gur 2025</subfield>
    <subfield code="p">18690</subfield>
    <subfield code="r">2025-07-27 12:24:00</subfield>
    <subfield code="v">650.40</subfield>
    <subfield code="w">2025-07-27</subfield>
    <subfield code="y">BOOKS</subfield>
  </datafield>
  <datafield tag="952" ind1=" " ind2=" ">
    <subfield code="0">0</subfield>
    <subfield code="1">0</subfield>
    <subfield code="2">ddc</subfield>
    <subfield code="4">0</subfield>
    <subfield code="7">0</subfield>
    <subfield code="a">1</subfield>
    <subfield code="b">1</subfield>
    <subfield code="d">2025-07-27</subfield>
    <subfield code="i">18691</subfield>
    <subfield code="l">0</subfield>
    <subfield code="o">570 Gur 2025</subfield>
    <subfield code="p">18691</subfield>
    <subfield code="r">2025-07-27 12:24:00</subfield>
    <subfield code="v">650.40</subfield>
    <subfield code="w">2025-07-27</subfield>
    <subfield code="y">BOOKS</subfield>
  </datafield>
  <datafield tag="952" ind1=" " ind2=" ">
    <subfield code="0">0</subfield>
    <subfield code="1">0</subfield>
    <subfield code="2">ddc</subfield>
    <subfield code="4">0</subfield>
    <subfield code="7">0</subfield>
    <subfield code="a">1</subfield>
    <subfield code="b">1</subfield>
    <subfield code="d">2025-07-27</subfield>
    <subfield code="i">18692</subfield>
    <subfield code="l">0</subfield>
    <subfield code="o">570 Gur 2025</subfield>
    <subfield code="p">18692</subfield>
    <subfield code="r">2025-07-27 12:24:00</subfield>
    <subfield code="v">650.40</subfield>
    <subfield code="w">2025-07-27</subfield>
    <subfield code="y">BOOKS</subfield>
  </datafield>
  <datafield tag="952" ind1=" " ind2=" ">
    <subfield code="0">0</subfield>
    <subfield code="1">0</subfield>
    <subfield code="2">ddc</subfield>
    <subfield code="4">0</subfield>
    <subfield code="7">0</subfield>
    <subfield code="a">1</subfield>
    <subfield code="b">1</subfield>
    <subfield code="d">2025-07-27</subfield>
    <subfield code="i">18693</subfield>
    <subfield code="l">1</subfield>
    <subfield code="o">570 Gur 2025</subfield>
    <subfield code="p">18693</subfield>
    <subfield code="r">2026-01-27 10:59:01</subfield>
    <subfield code="s">2026-01-16</subfield>
    <subfield code="v">650.40</subfield>
    <subfield code="w">2025-07-27</subfield>
    <subfield code="y">BOOKS</subfield>
  </datafield>
  <datafield tag="952" ind1=" " ind2=" ">
    <subfield code="0">0</subfield>
    <subfield code="1">0</subfield>
    <subfield code="2">ddc</subfield>
    <subfield code="4">0</subfield>
    <subfield code="7">0</subfield>
    <subfield code="a">1</subfield>
    <subfield code="b">1</subfield>
    <subfield code="d">2025-07-27</subfield>
    <subfield code="i">18694</subfield>
    <subfield code="l">0</subfield>
    <subfield code="o">570 Gur 2025</subfield>
    <subfield code="p">18694</subfield>
    <subfield code="r">2025-07-27 12:24:00</subfield>
    <subfield code="v">650.40</subfield>
    <subfield code="w">2025-07-27</subfield>
    <subfield code="y">BOOKS</subfield>
  </datafield>
  <datafield tag="952" ind1=" " ind2=" ">
    <subfield code="0">0</subfield>
    <subfield code="1">0</subfield>
    <subfield code="2">ddc</subfield>
    <subfield code="4">0</subfield>
    <subfield code="7">0</subfield>
    <subfield code="a">1</subfield>
    <subfield code="b">1</subfield>
    <subfield code="d">2025-07-27</subfield>
    <subfield code="i">18695</subfield>
    <subfield code="l">0</subfield>
    <subfield code="o">570 Gur 2025</subfield>
    <subfield code="p">18695</subfield>
    <subfield code="r">2025-07-27 12:24:00</subfield>
    <subfield code="v">650.40</subfield>
    <subfield code="w">2025-07-27</subfield>
    <subfield code="y">BOOKS</subfield>
  </datafield>
  <datafield tag="952" ind1=" " ind2=" ">
    <subfield code="0">0</subfield>
    <subfield code="1">0</subfield>
    <subfield code="2">ddc</subfield>
    <subfield code="4">0</subfield>
    <subfield code="7">0</subfield>
    <subfield code="a">1</subfield>
    <subfield code="b">1</subfield>
    <subfield code="d">2025-07-27</subfield>
    <subfield code="i">18696</subfield>
    <subfield code="l">0</subfield>
    <subfield code="o">570 Gur 2025</subfield>
    <subfield code="p">18696</subfield>
    <subfield code="r">2025-07-27 12:24:00</subfield>
    <subfield code="v">650.40</subfield>
    <subfield code="w">2025-07-27</subfield>
    <subfield code="y">BOOKS</subfield>
  </datafield>
  <datafield tag="952" ind1=" " ind2=" ">
    <subfield code="0">0</subfield>
    <subfield code="1">0</subfield>
    <subfield code="2">ddc</subfield>
    <subfield code="4">0</subfield>
    <subfield code="7">0</subfield>
    <subfield code="a">1</subfield>
    <subfield code="b">1</subfield>
    <subfield code="d">2025-07-27</subfield>
    <subfield code="i">18697</subfield>
    <subfield code="l">0</subfield>
    <subfield code="o">570 Gur 2025</subfield>
    <subfield code="p">18697</subfield>
    <subfield code="r">2025-07-27 12:24:00</subfield>
    <subfield code="v">650.40</subfield>
    <subfield code="w">2025-07-27</subfield>
    <subfield code="y">BOOKS</subfield>
  </datafield>
  <datafield tag="952" ind1=" " ind2=" ">
    <subfield code="0">0</subfield>
    <subfield code="1">0</subfield>
    <subfield code="2">ddc</subfield>
    <subfield code="4">0</subfield>
    <subfield code="7">0</subfield>
    <subfield code="a">1</subfield>
    <subfield code="b">1</subfield>
    <subfield code="d">2025-07-27</subfield>
    <subfield code="i">18698</subfield>
    <subfield code="l">0</subfield>
    <subfield code="o">570 Gur 2025</subfield>
    <subfield code="p">18698</subfield>
    <subfield code="r">2025-07-27 12:24:00</subfield>
    <subfield code="v">650.40</subfield>
    <subfield code="w">2025-07-27</subfield>
    <subfield code="y">BOOKS</subfield>
  </datafield>
</record>
